Листовка. "Граждане! Близится время выборов в Государственную Думу..."

Доступно только в Электронных читальных залах Найти на картеНа карте
RUSMARC
00004440nac2a22003131x 450
0010387629b-6b53-42e7-93ed-497b065f514c
00520131127003238.0
100##$a20130529l1906 k y0rusy50 ca
1010#$arus
102##$aRU
105##$ay z |||||
2001#$aЛистовка. "Граждане! Близится время выборов в Государственную Думу..."
$j[1906]
215##$a94 листа
251##$cДело
300##$aЗаголовок дела на папке: "От конституционно-демократической партии. Граждане! Близится время выборов в Государственную думу..." [предвыборная листовка кадетской партии с изложением платформы партии. Приводится список членов Петербургского комитета]
300##$a43 экземпляра
300##$aСо списком членов петербургского комитета
300##$aМесто издания не указано
300##$aВ деле имеются документы без дат
300##$aТипографский текст
330##$aIV. Предвыборные листовки, афиши, объявления кадетской партии; списки кандидатов в Государственную Думу и Учредительное собрание
461#0$10011d649a3b-ccdf-484e-a423-ec64c785c8ed
$12001
$aПартия народной свободы (кадеты)
$1251
$cФонд
$1852
$j523
462#0$10018b9e8422-dd9e-4ea7-b938-3dc971685134
$12001
$aПартия народной свободы (кадеты). 1905-1917 гг.
$1251
$cОпись
$1852
$j2
517##$a"От конституционно-демократической партии. Граждане! Близится время выборов в Государственную думу..." [предвыборная листовка кадетской партии с изложением платформы партии. Приводится список членов Петербургского комитета]
60102$3RU\NLR\AUTH\661232767
$aКонституционно-демократическая партия
60102$aПартия народной свободы. Петербургский комитет
801#0$aRU
$bGA_RF
801#1$aRU
$bНПО Опыт
$c20130529
$2rusmarc
801#2$aRU
$bПБ им. Б.Н. Ельцина
$c20131127
$gRCR
$2rusmarc
852##$aГА РФ
$j156
937##$d42078412
$hПБ
035##$aRuPRLIB51000267
Формат отображения